| 000 | 00666cam a22002172 4500 | ||
|---|---|---|---|
| 001 | 0000002542 | ||
| 005 | 20151217151857.0 | ||
| 008 | 070413s xx 000 0 eng d | ||
| 020 |
_a0860655725 : _cKES 490 |
||
| 040 |
_aKABU _cKABU |
||
| 050 | 0 |
_aML410 _b.O587S76 1999 |
|
| 100 | 1 |
_aOmartian, Stormie. _@0000151927 |
|
| 245 | 1 | 0 |
_aStormie / _cStormie Omartian. |
| 260 |
_aEastbourne : _bKingsway Publications, _c1999. |
||
| 300 |
_a188 p. ; _c21 cm. |
||
| 650 | 0 |
_aComposers _zUnited States. _xBiography. _@0000151928 |
|
| 700 | 1 |
_aOmartian, Stormie. _@0000151927 |
|
| 908 | _a070413 | ||
| 950 | _@1 | ||
| 999 |
_c5901 _d5901 |
||